Kanye West Artist Quiz - Statistics

General Stats
  • This quiz has been taken 37 times
  • The average score is 17 of 20
Answer Stats
Hint Answer % Correct
In what year did he release his debut studio album? 2004
97%
What is the name of that album? ^ KIDS SEE GHOSTS
97%
Which artist did Ye interrupt at the 2009 MTV VMAs? Taylor Swift
97%
What city does Ye talk about in his music frequently? Chicago
94%
2007 Graduation
91%
2004 The College Dropout
91%
What fashion brand did Ye collaborate with to create Yeezy? Adidas
88%
2005 Late Registration
88%
2010 My Beautiful Dark Twisted Fantasy
88%
2018 ye
88%
2013 Yeezus
88%
2021 Donda
85%
2019 Jesus Is King
85%
What is his middle name? Omari
85%
2008 808s and Heartbreak
82%
What is the name of Ye's first daughter? North West
82%
2016 The Life of Pablo
82%
What is the name of Ye's wife? Bianca Censori
67%
What was the first label Ye signed to? Roc-A-Fella
52%
What Japanese artist created the cover for Ye's collab album with Kid Cudi? Takashi Murakami
36%
No matching quizzes found
Score Distribution
Percent of People with Each Score
Percentile by Number Answered
Your Score History
You have not taken this quiz